| 000 | 00363nam a2200145Ia 4500 | ||
|---|---|---|---|
| 008 | 200103s9999||||xx |||||||||||||| ||und|| | ||
| 020 | _a0876924305, | ||
| 040 | _aIMU-MPC | ||
| 082 | _aColumn-18 | ||
| 100 | _aBentley, John Louis | ||
| 245 | 0 | _aWriting Efficient Programs | |
| 260 |
_bPrentice-Hall of India, New Delhi _c1986 |
||
| 300 | _axvi, 170 | ||
| 942 | _cBK | ||
| 999 |
_c6259 _d6259 |
||